| 000 | 00894nam a2200277Ia 4500 | ||
|---|---|---|---|
| 001 | Para_9759 | ||
| 003 | CHAP | ||
| 005 | 20260202144822.0 | ||
| 008 | 220602s2009 us a r 000 0 eng d | ||
| 020 | _a9780896726208 | ||
| 040 | _cPA | ||
| 082 | _aPA 595.42 K36 2009 | ||
| 100 |
_aKrantz, G. W. _963862 |
||
| 245 | _aA manual of acarology / G. W. Krantz, D. E. Walter | ||
| 250 | _a3 er. edición | ||
| 260 | _aLubbock, Texas : Texas Tech University Press | ||
| 264 |
_aEstados Unidos : _bTexas Tech University Press _c2009 |
||
| 300 | _avii, 807 p | ||
| 500 | _aIncluye bibliografía | ||
| 650 |
_aAracnidos - Clasificación \ Gorgojos - Clasificación \ Garrapatas - Clasificación _9184996 |
||
| 700 |
_aWalter, D. E.Ì _9184997 |
||
| 901 | _aPA 595.42 K36 2009 | ||
| 902 | _aM | ||
| 905 | _a5232272009 a 8000000000 00 | ||
| 942 |
_c1 _2ddc |
||
| 999 |
_c217196 _d217196 |
||